000 01257nam a2200229Ia 4500
003 OSt
005 20250208164608.0
008 220922b |||||||| |||| 00| 0 hin d
037 _cTextual
040 _aARTS
_cARTS
_bhin
041 _2hin
_ahin
084 _aP152jN23 N2
245 0 _aहिंदी कें संदर्भ में सैद्धान्तिक एंव अनुप्रयुक्त भाषाविज्ञानः
_bस्मृति-ग्रंथ
246 _aHiandī kean sandarbha mean saiddhāntik eanva anuprayukta bhāṣhāvijnyānah smṛuti-grantha bholānāth tivārī, sanpā0 ravīndranāth shrīvāstava
260 _aदिल्ली
_b साहित्य सहकार
_c1992
300 _a475 पृ.
650 _aहिन्दी भाषा
700 _aतिवारी, भोलानाथ (संपादक)
700 _aश्रीवास्तव, रवीन्द्रनाथ (संपादक)
_9159657
942 _hP152jN23 N2
_cTEXL
_2CC
_n0
999 _c313011
_d313011